DIARY OF A WIMPY KID (Record no. 6178)
[ view plain ]
| 000 -LEADER | |
|---|---|
| fixed length control field | 00651nam a22001457a 4500 |
| 020 ## - INTERNATIONAL STANDARD BOOK NUMBER | |
| ISBN | 978-0-141-32491-3 |
| 082 ## - DEWEY DECIMAL CLASSIFICATION NUMBER | |
| Classification number | 823 |
| Item number | KIN/D |
| 100 ## - MAIN ENTRY--AUTHOR NAME | |
| Personal name | KINNEY, JEFF |
| 245 ## - TITLE STATEMENT | |
| Title | DIARY OF A WIMPY KID |
| Remainder of title | RODRICK RULES |
| 260 ## - PUBLICATION, DISTRIBUTION, ETC. (IMPRINT) | |
| Place of publication | UNITED KINGDOM |
| Name of publisher | PUFFIN BOOKS |
| Year of publication | 2008 |
| 300 ## - PHYSICAL DESCRIPTION | |
| Number of Pages | 216 |
| 520 ## - SUMMARY, ETC. | |
| Summary, etc | Rodrick rules is about Greg and his big brother Rodricks relationship. It's also about Greg and his life in and outside of school. We get to know Rodrick more then we do in the other books. We also get to know the embarrassing thing that happened to Greg and that Rodrick knows what it is. |
| 650 ## - SUBJECT ADDED ENTRY--TOPICAL TERM | |
| Topical Term | YOUNG ADULT FICTION COMEDY |
| Geographic subdivision | UNITED KINGDOM |
| 942 ## - ADDED ENTRY ELEMENTS (KOHA) | |
| Koha item type | Books |
| Withdrawn status | Lost status | Collection code | Home library | Current library | Shelving location | Date acquired | Source of acquisition | Full call number | Accession Number | Koha item type |
|---|---|---|---|---|---|---|---|---|---|---|
| Fiction | Main Library | Main Library | SHELF 15 H-HARRY POTTER(CHARACTERISATION),WIMPY KID,DORK DIARIES | 23/01/2019 | purchase | 823 KIN/D | 10577 | Books |